A Practical Guide for Medical Teachers / (Record no. 595277)

000 -LEADER
fixed length control field 00481nam a22001577a 4500
020 ## - INTERNATIONAL STANDARD BOOK NUMBER
International Standard Book Number 9780702081705
082 ## - DEWEY DECIMAL CLASSIFICATION NUMBER
Classification number 610.711
Author Mark MED
245 ## - TITLE STATEMENT
Title A Practical Guide for Medical Teachers /
Statement of responsibility, etc. Edited by Dent, John A.; Harden, Ronald M. Hunt, Dan
250 ## - EDITION STATEMENT
Edition statement 6th Edition
260 ## - PUBLICATION, DISTRIBUTION, ETC.
Place of publication, distribution, etc. Edinburgh :
Name of publisher, distributor, etc. Elsevier,
Date of publication, distribution, etc. 2021
300 ## - PHYSICAL DESCRIPTION
Extent 405 p. ;
Other physical details ill,
Dimensions 27 cm.
563 ## - BINDING INFORMATION
Binding note PBK.
650 ## - SUBJECT ADDED ENTRY--TOPICAL TERM
Topical term or geographic name entry element Medicine--Study and teaching
9 (RLIN) 113544
650 ## - SUBJECT ADDED ENTRY--TOPICAL TERM
Topical term or geographic name entry element Medical education
9 (RLIN) 113545
942 ## - ADDED ENTRY ELEMENTS (KOHA)
Source of classification or shelving scheme
Koha item type Book
Holdings
Withdrawn status Lost status Source of classification or shelving scheme Damaged status Not for loan Permanent Location Current Location Shelving location Date acquired Source of acquisition Cost, normal purchase price Full call number Barcode Date last seen Copy number Cost, replacement price Price effective from Koha item type
          NUST School of Health Sciences (NSHS) NUST School of Health Sciences (NSHS) General Stacks 07/14/2023 Prince Books 5450.00 610.711 MED NSHS-573 07/14/2023 c.1 10900.00 07/14/2023 Book
          NUST School of Health Sciences (NSHS) NUST School of Health Sciences (NSHS) General Stacks 07/14/2023 Prince Books 5450.00 610.711 MED NSHS-574 07/14/2023 c.2 10900.00 07/14/2023 Book
© 2023 Central Library, National University of Sciences and Technology. All Rights Reserved.